| 000 | 00933cam a22003015i 4500 | ||
|---|---|---|---|
| 001 | 22025870 | ||
| 005 | 20241115095143.0 | ||
| 008 | 210506s2021 mau 000 0 eng | ||
| 010 | _a 2021938632 | ||
| 020 | _a9781509542635 | ||
| 020 | _a9781509542642 | ||
| 020 | _z9781509542659 | ||
| 040 |
_aDLC _beng _erda _cDLC |
||
| 042 | _apcc | ||
| 082 | _aDC 070.4 Z379 2022 | ||
| 100 | 1 |
_aZelizer, Barbie, _eauthor. _944227 |
|
| 245 | 1 | 4 |
_aThe journalism manifesto / _cBarbie Zelizer, Pablo J. Boczkowski, C.W. Anderson. |
| 260 |
_aCambridge : _bPolity Press ; _c©2022. |
||
| 263 | _a1111 | ||
| 300 |
_aix, 122; _c19 cm. |
||
| 490 | 0 | _aThe manifesto series | |
| 500 | _aIncludes bibliography. | ||
| 650 |
_aJournalism. _944228 |
||
| 700 | 1 |
_aAnderson, C.W., _eauthor. _944229 |
|
| 906 |
_a0 _bibc _corignew _d2 _eepcn _f20 _gy-gencatlg |
||
| 942 |
_2ddc _cDC |
||
| 999 |
_c16601 _d16601 |
||